| 000 | 00894nas a2200277 4500 | ||
|---|---|---|---|
| 001 | BR7800609 | ||
| 003 | BR-BrBNA | ||
| 005 | 20231205083315.0 | ||
| 007 | ta | ||
| 008 | 230509b bl.|||p| |||| 00| 00por d | ||
| 040 |
_aBR-BrBNA _bpor _cBiblioteca Nacional de Agricultura |
||
| 041 | _a(Pt) | ||
| 072 | _aF30 | ||
| 100 | 1 | _aAnon. | |
| 111 | 1 |
_a9. Reuniao Anual Conjunta de Pesquisa de Trigo _cLondrina, PR (Brazil) _d28 Mar 1977 |
|
| 245 | 1 | _aMelhoramento de triticale no CEP em 1976 [Centro de Pesquisa da FECOTRIGO, Rio Grande do Sul, Brasil] | |
| 650 | _aGENETICA VEGETAL | ||
| 650 | _aTRITICALE | ||
| 650 | _aPSEUDOCEREAL | ||
| 650 | _aHIBRIDACAO | ||
| 650 | _aCULTURA DE INVERNO | ||
| 650 | _aRIO GRANDE DO SUL | ||
| 773 | 0 |
_tTrigo e Soja (Brazil) _xISSN 0100-5456 _g(Feb 1977), (no. 20) p. 17-18 _wBR7800609 |
|
| 909 |
_a202311 _bLúcia _c55 _dLúcia Elande |
||
| 942 |
_2AGRIS _n0 _cANA |
||
| 999 |
_c97882 _d97882 |
||